000
00295nam a22001337a 4500
008
170623b xxu||||| |||| 00| 0 eng d
020
_a
0275901394
041
_a
eng
080
_a
32
100
_a
21
101
_a
SHP
245
_a
THE U.S. ANTI-APARTHEID MOVEMENT
_c
LOVE,J
942
_2
udc
_c
BK
999
_c
19088
_d
19088